000 00665nam a2200217 a 4500
001 54743
003 BD-RjUL
005 20211209080149.0
008 161109r19601956nju 001 0 eng d
035 _a(BD-RjUL)54865
040 _aDLC
_cKyLoU
_dUk
_dDLC
_dBD-RjUL
_beng
041 _aeng
082 0 0 _a657.45
_bSTA 1960
_223
100 1 _aStettler, Howard F.
_947674
245 1 0 _aAuditing principles :
_bobjectives, procedures, working papers /
_cHoward F. Stettler.
260 _aEnglewood Cliffs, N.J. :
_bPrentice-Hall,
_cc1955 [printing 1960].
300 _axvi, 712 p. ;
_c23 cm.
500 _aIncludes index.
650 0 _aAuditing.
_962756
942 _2ddc
_cBK
999 _c54743
_d54743